| 000 | 00743nam a2200265Ia 4500 | ||
|---|---|---|---|
| 003 | OSt | ||
| 005 | 20221006152822.0 | ||
| 006 | a|||||r|||| 00| 0 | ||
| 007 | ta | ||
| 008 | 221006b |||||||| |||| 00| 0 jpn d | ||
| 020 |
_a9784906195411 _c¥1500 |
||
| 024 | _a29,725 | ||
| 037 |
_bGift, Japan Foundation _cTextual |
||
| 040 |
_aEASL _cEASL _bjpn |
||
| 041 |
_2jpn _ajpn |
||
| 082 | _aO42, N9 | ||
| 100 |
_aMIYACHI Toshiko _9661843 |
||
| 245 | 0 | _aTsutaetai mono tsutawaru ehon. Jido bungaku ni okeru rojin zo | |
| 260 |
_aTokyo _bMamasha Japan _c1999 |
||
| 300 |
_a185p. _ccm. |
||
| 490 | _v JL | ||
| 650 | _aJL | ||
| 942 |
_hO42, N9 _cTEXL _2CC |
||
| 999 |
_c1097811 _d1097811 |
||